[Event "CZE-chT2F 1415"]
[Site "Czech Republic"]
[Date "2014.11.02"]
[Round "1.22"]
[White "Kalivoda, Jiri"]
[Black "Beil, Zdenek"]
[Result "0-1"]
[WhiteElo "2176"]
[BlackElo "2195"]
[PlyCount "78"]
[EventDate "2014.11.02"]
[EventType "team-tourn"]
[EventRounds "11"]
[EventCountry "CZE"]
[SourceTitle "EXT 2022"]
[Source "ChessBase"]
[SourceDate "2021.10.06"]
[SourceVersion "1"]
[SourceVersionDate "2021.10.06"]
[SourceQuality "1"]
[WhiteTeam "Dobra"]
[BlackTeam "Litovel Tatran II"]
[WhiteTeamCountry "CZE"]
[BlackTeamCountry "CZE"]

1. c4 c5 2. Nc3 Nc6 3. g3 g6 4. Bg2 Bg7 5. d3 d6 6. e4 a6 7. Nge2 Rb8 8. a4 Bd7 9. 0-0 e6 10. h3 Nge7 11. Be3 Nd4 12. Bxd4 cxd4 13. Nb1 b5 14. axb5 axb5 15. b3 0-0 16. Nd2 Qb6 17. Ra2 Ra8 18. Qc2 Nc6 19. Rb2 Nb4 20. Qb1 Ra6 21. Nf3 e5 22. Qd1 Bh6 23. Ne1 Rfa8 24. Nc2 Na2 25. Kh2 Be6 26. Rb1 Nc3 27. Nxc3 dxc3 28. Nb4 Ra3 29. f4 exf4 30. gxf4 bxc4 31. bxc4 Qe3 32. Qf3 Qxf3 33. Rxf3 Rb8 34. Rff1 Ra4 35. Nc2 Bxf4+ 36. Kg1 Rb2 37. Rxb2 cxb2 38. Rb1 Be5 39. d4 Ra1 0-1

[Event "CZE-chT2F 1314"]
[Site "Czech Republic"]
[Date "2014.02.02"]
[Round "7.24"]
[White "Kalivoda, Jiri"]
[Black "Karlik, Ondrej"]
[Result "0-1"]
[WhiteElo "2195"]
[BlackElo "2091"]
[PlyCount "118"]
[EventDate "2013.11.03"]
[EventType "team-tourn"]
[EventRounds "11"]
[EventCountry "CZE"]
[SourceTitle "EXT 2016"]
[Source "ChessBase"]
[SourceDate "2015.10.08"]
[SourceVersion "1"]
[SourceVersionDate "2015.10.08"]
[SourceQuality "1"]
[WhiteTeam "Dobra"]
[BlackTeam "Hostalkova"]
[WhiteTeamCountry "CZE"]
[BlackTeamCountry "CZE"]

1. c4 e6 2. e4 d5 3. exd5 exd5 4. d4 Nf6 5. Nc3 c6 6. Bd3 Be6 7. cxd5 Nxd5 8. Nge2 Nd7 9. 0-0 N7f6 10. Re1 Be7 11. a3 Qd7 12. Ng3 0-0 13. Nce4 Nxe4 14. Nxe4 Bf5 15. Nc3 Bf6 16. Qc2 Bxd3 17. Qxd3 Rad8 18. Ne4 h6 19. Be3 Rfe8 20. Rad1 Qf5 21. Nxf6+ Qxf6 22. b4 a6 23. f3 Re6 24. Bf2 Rde8 25. Re4 Qg6 26. Rxe6 Rxe6 27. Qd2 Qf5 28. Re1 Nf4 29. Bg3 Rxe1+ 30. Qxe1 Ne6 31. Qd1 Qd5 32. Bf2 Qa2 33. Qc1 Nf4 34. Qe3 Qa1+ 35. Qe1 Qxe1+ 36. Bxe1 Ne2+ 37. Kf2 Nxd4 38. Bc3 Nb5 39. Bb2 Nd6 40. Ke2 f6 41. Kd3 Kf7 42. a4 Ke6 43. Kd4 b6 44. a5 bxa5 45. bxa5 Nb7 46. Bc3 c5+ 47. Kc4 Kd6 48. h4 Kc6 49. g4 Nd6+ 50. Kd3 Kd5 51. g5 hxg5 52. hxg5 Ne8 53. g6 c4+ 54. Ke3 Nd6 55. Bb2 Nf5+ 56. Kf4 Ne7 57. Ba3 Nxg6+ 58. Kf5 Ne5 59. f4 Nd3 0-1

[Event "CZE-chT2F 1314"]
[Site "Czech Republic"]
[Date "2013.12.01"]
[Round "3.23"]
[White "Kalivoda, Jiri"]
[Black "Senkyr, Martin"]
[Result "1-0"]
[WhiteElo "2195"]
[BlackElo "2186"]
[PlyCount "129"]
[EventDate "2013.11.03"]
[EventType "team-tourn"]
[EventRounds "11"]
[EventCountry "CZE"]
[SourceTitle "EXT 2016"]
[Source "ChessBase"]
[SourceDate "2015.10.08"]
[SourceVersion "1"]
[SourceVersionDate "2015.10.08"]
[SourceQuality "1"]
[WhiteTeam "Dobra"]
[BlackTeam "Zlin II"]
[WhiteTeamCountry "CZE"]
[BlackTeamCountry "CZE"]

1. c4 Nf6 2. Nc3 g6 3. e4 d6 4. g3 Bg7 5. Bg2 0-0 6. Nge2 c5 7. 0-0 Nc6 8. d3 Rb8 9. h3 a6 10. a4 Ne8 11. f4 Nc7 12. b3 Nd4 13. Ra2 b5 14. axb5 axb5 15. Kh2 Be6 16. Nxd4 Bxd4 17. Ne2 Bg7 18. Qc2 Ra8 19. Rxa8 Qxa8 20. f5 Bd7 21. Bb2 bxc4 22. bxc4 Qa4 23. Qd2 Qa2 24. Nc3 Qb3 25. Ba1 Qb4 26. Qc2 Qa5 27. Qc1 Rb8 28. fxg6 hxg6 29. Nd5 Nxd5 30. Bxg7 Kxg7 31. exd5 Qa2 32. Qf4 Be8 33. g4 Rb2 34. Qg3 Rd2 35. h4 Qb2 36. Kh3 Qd4 37. Be4 f6 38. h5 Qe5 39. Qxe5 dxe5 40. Ra1 gxh5 41. Ra7 hxg4+ 42. Kxg4 Bg6 43. Rxe7+ Kf8 44. Rc7 Bxe4 45. dxe4 Rf2 46. Rxc5 Rf4+ 47. Kh5 Rxe4 48. Kg6 Rf4 49. Rc6 Ke7 50. Re6+ Kd8 51. c5 Rd4 52. Rd6+ Ke7 53. Re6+ Kd8 54. d6 Rc4 55. Kxf6 Rxc5 56. Re7 e4 57. Rh7 Kc8 58. Ke6 e3 59. d7+ Kc7 60. Rh8 Rc6+ 61. Ke7 Rd6 62. Rc8+ Kb7 63. Kxd6 e2 64. d8Q e1Q 65. Rb8+ 1-0

[Event "CZE-chT2F 1314"]
[Site "Czech Republic"]
[Date "2013.11.17"]
[Round "2.54"]
[White "Kalivoda, Jiri"]
[Black "Kubeczka, Ales"]
[Result "1/2-1/2"]
[WhiteElo "2195"]
[BlackElo "2069"]
[PlyCount "29"]
[EventDate "2013.11.03"]
[EventType "team-tourn"]
[EventRounds "11"]
[EventCountry "CZE"]
[SourceTitle "EXT 2016"]
[Source "ChessBase"]
[SourceDate "2015.10.08"]
[SourceVersion "1"]
[SourceVersionDate "2015.10.08"]
[SourceQuality "1"]
[WhiteTeam "Dobra"]
[BlackTeam "Havirov Slovan"]
[WhiteTeamCountry "CZE"]
[BlackTeamCountry "CZE"]

1. c4 c6 2. Nc3 d5 3. cxd5 cxd5 4. d4 Nf6 5. Bf4 Nc6 6. e3 Qb6 7. Qd2 Bf5 8. a3 e6 9. f3 h5 10. b4 Be7 11. Na4 Qd8 12. Nc5 Qb6 13. Na4 Qd8 14. Nc5 Qb6 15. Na4 1/2-1/2

[Event "CZE-chT2F 1213"]
[Site "Czech Republic"]
[Date "2013.03.24"]
[Round "11.13"]
[White "Kanok, Jaroslav"]
[Black "Kalivoda, Jiri"]
[Result "1-0"]
[WhiteElo "2202"]
[BlackElo "2179"]
[PlyCount "117"]
[EventDate "2012.10.14"]
[EventType "team-tourn"]
[EventRounds "11"]
[EventCountry "CZE"]
[SourceTitle "EXT 2016"]
[Source "ChessBase"]
[SourceDate "2015.10.08"]
[SourceVersion "1"]
[SourceVersionDate "2015.10.08"]
[SourceQuality "1"]
[WhiteTeam "Ostrava Labortech II"]
[BlackTeam "Dobra"]
[WhiteTeamCountry "CZE"]
[BlackTeamCountry "CZE"]

1. d4 e6 2. e4 d5 3. Nd2 dxe4 4. Nxe4 Be7 5. Nf3 Nf6 6. Bd3 Nbd7 7. c4 b6 8. 0-0 Bb7 9. Qe2 c5 10. d5 Nxe4 11. Bxe4 exd5 12. cxd5 0-0 13. d6 Bxe4 14. dxe7 Qxe7 15. Nd2 Rfe8 16. Re1 f5 17. f3 Nf6 18. fxe4 fxe4 19. Nf1 Rad8 20. Bg5 Qe5 21. Bh4 Rd4 22. Bg3 Qe6 23. h3 c4 24. Qc2 Rd3 25. Rac1 b5 26. b3 Qb6+ 27. Kh2 c3 28. Rxe4 Red8 29. Re5 Qc6 30. Qe2 R8d4 31. Re6 Qd5 32. Rd6 Qe4 33. Qxe4 Nxe4 34. Rxd4 Rxd4 35. Be5 Rd3 36. b4 Kf7 37. Ng3 Nxg3 38. Bxg3 Re3 39. Rc2 Ke6 40. Bf2 Rd3 41. Be1 g6 42. Bxc3 Kf5 43. Bg7 a6 44. a4 bxa4 45. Rc5+ Ke4 46. Ra5 Rd6 47. Rxa4 Kd5 48. b5 axb5 49. Rd4+ Kc5 50. Rxd6 Kxd6 51. Kg3 Kd5 52. Kf4 b4 53. g4 b3 54. Kg5 Ke4 55. Kh6 Kf4 56. Kxh7 Kg3 57. Kxg6 Kxh3 58. g5 Kg4 59. Bb2 1-0

[Event "CZE-chT2F 1213"]
[Site "Czech Republic"]
[Date "2013.03.03"]
[Round "10.13"]
[White "Kalivoda, Jiri"]
[Black "Babula, Milan"]
[Result "1-0"]
[WhiteElo "2179"]
[BlackElo "2300"]
[PlyCount "81"]
[EventDate "2012.10.14"]
[EventType "team-tourn"]
[EventRounds "11"]
[EventCountry "CZE"]
[SourceTitle "EXT 2016"]
[Source "ChessBase"]
[SourceDate "2015.10.08"]
[SourceVersion "1"]
[SourceVersionDate "2015.10.08"]
[SourceQuality "1"]
[WhiteTeam "Dobra"]
[BlackTeam "Trinec II"]
[WhiteTeamCountry "CZE"]
[BlackTeamCountry "CZE"]

1. c4 Nf6 2. Nc3 g6 3. e4 d6 4. g3 Bg7 5. Bg2 0-0 6. Nge2 c5 7. 0-0 Nc6 8. d3 Bd7 9. Rb1 Ne8 10. a3 a5 11. h3 Nc7 12. f4 Rb8 13. a4 Ne6 14. Kh2 Ned4 15. b3 Nxe2 16. Nxe2 Nd4 17. Bb2 Nxe2 18. Qxe2 Qc7 19. Rbd1 Bxb2 20. Qxb2 e5 21. f5 f6 22. Qd2 Kg7 23. h4 Rh8 24. Rf3 h6 25. fxg6 Bg4 26. Rdf1 Bxf3 27. Rxf3 Kxg6 28. Bh3 Rbf8 29. Rf5 h5 30. Qd1 Rh6 31. Rf2 Kg7 32. Rg2 Qe7 33. Bf5 Kh8 34. Qd2 Qg7 35. Qxa5 Qe7 36. Qd2 Qg7 37. g4 Rg6 38. g5 fxg5 39. Bxg6 Qxg6 40. Rxg5 Qf7 41. Rf5 1-0

[Event "CZE-chT2F 1213"]
[Site "Czech Republic"]
[Date "2013.02.03"]
[Round "8.13"]
[White "Kalivoda, Jiri"]
[Black "Tustanowski, Robert"]
[Result "1/2-1/2"]
[WhiteElo "2179"]
[BlackElo "2307"]
[PlyCount "128"]
[EventDate "2012.10.14"]
[EventType "team-tourn"]
[EventRounds "11"]
[EventCountry "CZE"]
[SourceTitle "EXT 2016"]
[Source "ChessBase"]
[SourceDate "2015.10.08"]
[SourceVersion "1"]
[SourceVersionDate "2015.10.08"]
[SourceQuality "1"]
[WhiteTeam "Dobra"]
[BlackTeam "Albrechtice"]
[WhiteTeamCountry "CZE"]
[BlackTeamCountry "CZE"]

1. c4 Nf6 2. Nc3 g6 3. e4 d6 4. g3 Bg7 5. Bg2 0-0 6. Nge2 c5 7. d3 Nc6 8. 0-0 a6 9. h3 Rb8 10. f4 Bd7 11. a4 Ne8 12. Kh2 Nc7 13. b3 b5 14. axb5 axb5 15. Ra2 bxc4 16. bxc4 Ne6 17. Qd2 Ned4 18. Nxd4 Nxd4 19. Bb2 Rb3 20. Ne2 Qb6 21. Bxd4 cxd4 22. Rfa1 Rb8 23. Ra8 Bc6 24. Rxb8+ Qxb8 25. Ra2 Qb7 26. Nc1 Rb1 27. Rc2 Qb6 28. Ne2 Qb3 29. Nc1 Qa3 30. Ne2 Ba4 31. Qa5 Rd1 32. Rd2 Rxd2 33. Qxd2 Qb3 34. Bf1 Qd1 35. Qxd1 Bxd1 36. Ng1 Kf8 37. Kg2 Ke8 38. Kf2 Kd7 39. Ke1 Ba4 40. Nf3 h6 41. Be2 Bc6 42. Nd2 Kc7 43. Bd1 Kb6 44. Bf3 Bd7 45. Bg4 Ba4 46. Bd1 Bd7 47. g4 Kc5 48. Nf3 e5 49. f5 Bf6 50. h4 Bd8 51. h5 Ba5+ 52. Ke2 gxh5 53. gxh5 Kb4 54. Kd2 Be8 55. Nh4 Bd8 56. Nf3 Bc6 57. Bc2 Bd7 58. Bd1 Be8 59. Kc2 Kc5 60. Kb3 Ba5 61. Ka3 Bb4+ 62. Kb3 Ba5 63. Ka3 Bb4+ 64. Kb3 Ba5 1/2-1/2

[Event "CZE-chT2F 1213"]
[Site "Czech Republic"]
[Date "2013.01.20"]
[Round "7.13"]
[White "Hladik, Oto"]
[Black "Kalivoda, Jiri"]
[Result "1-0"]
[WhiteElo "2173"]
[BlackElo "2179"]
[PlyCount "77"]
[EventDate "2012.10.14"]
[EventType "team-tourn"]
[EventRounds "11"]
[EventCountry "CZE"]
[SourceTitle "EXT 2016"]
[Source "ChessBase"]
[SourceDate "2015.10.08"]
[SourceVersion "1"]
[SourceVersionDate "2015.10.08"]
[SourceQuality "1"]
[WhiteTeam "Ostrava TJ Nova Hut"]
[BlackTeam "Dobra"]
[WhiteTeamCountry "CZE"]
[BlackTeamCountry "CZE"]

1. e4 e6 2. d4 d5 3. Nd2 dxe4 4. Nxe4 Be7 5. Nf3 Nf6 6. Bd3 0-0 7. Qe2 Nbd7 8. Bg5 h6 9. h4 Nd5 10. Bd2 N7f6 11. 0-0-0 Nxe4 12. Qxe4 Nf6 13. Qf4 Bd6 14. Ne5 c5 15. g4 Nd7 16. Qe4 f5 17. gxf5 Rxf5 18. Nc4 Nf8 19. Rhg1 Kh8 20. Nxd6 Qxd6 21. dxc5 Qe7 22. Qg2 Rf6 23. Rde1 Bd7 24. Qxb7 Rc8 25. Qxa7 Qd8 26. Bc3 Rf7 27. Qb6 Qxh4 28. c6 Rxc6 29. Qd4 Qe7 30. Re5 Nh7 31. Rh5 e5 32. Rxe5 Qf8 33. Rh5 Nf6 34. Ra5 Be6 35. a3 Rd7 36. Qh4 Qd6 37. Ra8+ Bg8 38. Qxh6+ gxh6 39. Raxg8# 1-0

[Event "CZE-chT2F 1213"]
[Site "Czech Republic"]
[Date "2013.01.06"]
[Round "6.13"]
[White "Kalivoda, Jiri"]
[Black "Karlik, Ondrej"]
[Result "1-0"]
[WhiteElo "2179"]
[BlackElo "2111"]
[PlyCount "77"]
[EventDate "2012.10.14"]
[EventType "team-tourn"]
[EventRounds "11"]
[EventCountry "CZE"]
[SourceTitle "EXT 2016"]
[Source "ChessBase"]
[SourceDate "2015.10.08"]
[SourceVersion "1"]
[SourceVersionDate "2015.10.08"]
[SourceQuality "1"]
[WhiteTeam "Dobra"]
[BlackTeam "Postoupky"]
[WhiteTeamCountry "CZE"]
[BlackTeamCountry "CZE"]

1. c4 e6 2. e4 c5 3. Nc3 Nc6 4. g3 d6 5. Bg2 g6 6. Nge2 Bg7 7. 0-0 Nge7 8. d3 a6 9. Rb1 0-0 10. a3 Nd4 11. Nxd4 cxd4 12. Ne2 Rb8 13. b4 b5 14. Bb2 e5 15. Rc1 f5 16. f4 Bb7 17. fxe5 dxe5 18. cxb5 axb5 19. Rc5 fxe4 20. Rxf8+ Qxf8 21. dxe4 Bc8 22. Nc1 Qe8 23. Qb3+ Kh8 24. Nd3 Nc6 25. Qd5 Bb7 26. Qb3 Bc8 27. Qc2 Bd7 28. Rd5 Be6 29. Rd6 Rc8 30. Nc5 Bc4 31. Bh3 Qf8 32. Rd7 Bh6 33. Bc1 Ra8 34. Ne6 Bxe6 35. Bxe6 Be3+ 36. Bxe3 dxe3 37. Rf7 Qe8 38. Bd5 Nd4 39. Qc7 1-0

[Event "CZE-chT2F 1213"]
[Site "Czech Republic"]
[Date "2012.11.23"]
[Round "3.13"]
[White "Kubos, Rostislav"]
[Black "Kalivoda, Jiri"]
[Result "1-0"]
[WhiteElo "2215"]
[BlackElo "2179"]
[PlyCount "107"]
[EventDate "2012.10.14"]
[EventType "team-tourn"]
[EventRounds "11"]
[EventCountry "CZE"]
[SourceTitle "EXT 2016"]
[Source "ChessBase"]
[SourceDate "2015.10.08"]
[SourceVersion "1"]
[SourceVersionDate "2015.10.08"]
[SourceQuality "1"]
[WhiteTeam "Orlova Slavia II"]
[BlackTeam "Dobra"]
[WhiteTeamCountry "CZE"]
[BlackTeamCountry "CZE"]

1. c4 c5 2. Nc3 Nc6 3. g3 g6 4. Bg2 Bg7 5. Nf3 e5 6. 0-0 Nge7 7. d3 d6 8. a3 0-0 9. Rb1 a5 10. Ne1 h6 11. Nc2 b6 12. b4 axb4 13. axb4 Rb8 14. Bd2 Bb7 15. b5 Nd4 16. Bxb7 Rxb7 17. Ne3 f5 18. Ned5 g5 19. e3 Ne6 20. Qf3 Qd7 21. Nxe7+ Qxe7 22. Qc6 Rfb8 23. f3 Kh8 24. Kg2 f4 25. Qe4 Qf7 26. Nd5 Re8 27. Rbe1 Rbb8 28. Kh1 Qh5 29. Kg2 Qf7 30. Nc3 h5 31. Kh1 Bh6 32. g4 hxg4 33. fxg4 Nf8 34. h3 Re6 35. Ra1 Bg7 36. Ra8 Rxa8 37. Qxa8 Rh6 38. Kg2 Kh7 39. Qe4+ Ng6 40. Kh2 Kh8 41. Nd5 Qd7 42. Qf5 Qd8 43. Qf7 Nh4 44. Ne7 Qa8 45. e4 Rf6 46. Qd5 Qe8 47. Nf5 Nxf5 48. gxf5 Bf8 49. Ra1 Qe7 50. Kg2 Qh7 51. Ra8 Rf7 52. Ra1 Qh6 53. Ra6 Qh4 54. Rxb6 1-0

[Event "CZE-chT2F 1213"]
[Site "Czech Republic"]
[Date "2012.10.14"]
[Round "1.13"]
[White "Cempel, Jaroslav"]
[Black "Kalivoda, Jiri"]
[Result "1-0"]
[WhiteElo "2208"]
[BlackElo "2179"]
[PlyCount "49"]
[EventDate "2012.10.14"]
[EventType "team-tourn"]
[EventRounds "11"]
[EventCountry "CZE"]
[SourceTitle "EXT 2016"]
[Source "ChessBase"]
[SourceDate "2015.10.08"]
[SourceVersion "1"]
[SourceVersionDate "2015.10.08"]
[SourceQuality "1"]
[WhiteTeam "Opava KVS"]
[BlackTeam "Dobra"]
[WhiteTeamCountry "CZE"]
[BlackTeamCountry "CZE"]

1. d4 e6 2. e4 d5 3. Nd2 dxe4 4. Nxe4 Be7 5. Nf3 Nf6 6. Bd3 Nbd7 7. c3 0-0 8. 0-0 b6 9. Re1 Bb7 10. Qe2 c5 11. Nxf6+ Nxf6 12. dxc5 Bxc5 13. Bg5 Be7 14. Rad1 Nd5 15. Qe4 g6 16. Bh6 Re8 17. Bb5 Bf8 18. Bxe8 Qxe8 19. Bxf8 Qxf8 20. c4 Nc3 21. Qxb7 Nxd1 22. Rxd1 Rd8 23. Rxd8 Qxd8 24. g3 Qd3 25. Qxf7+ 1-0

[Event "CZE-chT2F 1112"]
[Site "Czech Republic"]
[Date "2012.03.25"]
[Round "10.53"]
[White "Poloch, Petr"]
[Black "Kalivoda, Jiri"]
[Result "1-0"]
[WhiteElo "2276"]
[BlackElo "2152"]
[PlyCount "47"]
[EventDate "2011.10.09"]
[EventType "team-tourn"]
[EventRounds "11"]
[EventCountry "CZE"]
[SourceTitle "EXT 2013"]
[Source "ChessBase"]
[SourceDate "2012.11.22"]
[SourceVersion "1"]
[SourceVersionDate "2012.11.22"]
[SourceQuality "1"]
[WhiteTeam "Ostrava Mittal"]
[BlackTeam "Dobra"]
[WhiteTeamCountry "CZE"]
[BlackTeamCountry "CZE"]

1. Nf3 e6 2. g3 d5 3. Bg2 Nf6 4. 0-0 Be7 5. d3 0-0 6. Nbd2 b6 7. e4 Bb7 8. e5 Nfd7 9. Re1 c5 10. c3 Nc6 11. h4 Qc7 12. Qe2 f5 13. exf6 Rxf6 14. Nf1 h6 15. Ne3 Bd6 16. h5 Re8 17. Nxd5 exd5 18. Qxe8+ Kh7 19. Re6 Rxe6 20. Qxe6 Nf6 21. Qf5+ Kg8 22. Bxh6 Bc8 23. Qg6 Ne7 24. Qxg7# 1-0

[Event "CZE-chT2F 1112"]
[Site "Czech Republic"]
[Date "2011.11.20"]
[Round "3.63"]
[White "Kalivoda, Jiri"]
[Black "Jasny, Stanislav"]
[Result "0-1"]
[WhiteElo "2152"]
[BlackElo "2327"]
[PlyCount "92"]
[EventDate "2011.10.09"]
[EventType "team-tourn"]
[EventRounds "11"]
[EventCountry "CZE"]
[SourceTitle "EXT 2013"]
[Source "ChessBase"]
[SourceDate "2012.11.22"]
[SourceVersion "1"]
[SourceVersionDate "2012.11.22"]
[SourceQuality "1"]
[WhiteTeam "Dobra"]
[BlackTeam "Frydek Mistek II"]
[WhiteTeamCountry "CZE"]
[BlackTeamCountry "CZE"]

1. e4 c5 2. c4 Nc6 3. Nc3 g6 4. g3 Bg7 5. Bg2 d6 6. Nge2 e6 7. 0-0 Nge7 8. d3 0-0 9. Rb1 b6 10. a3 Bb7 11. b4 Qd7 12. h3 Nd4 13. Nxd4 cxd4 14. Ne2 Rac8 15. Bb2 e5 16. Qb3 Kh8 17. Kh2 f5 18. f3 a6 19. a4 Qe6 20. Ba3 fxe4 21. fxe4 Rxf1 22. Bxf1 Rf8 23. Bg2 Rf2 24. Ng1 Qf6 25. Rb2 Bh6 26. c5 Rxb2 27. Qxb2 b5 28. axb5 axb5 29. cxd6 Qxd6 30. Qc2 Qc6 31. Qf2 Kg7 32. Nf3 Be3 33. Qa2 Qd6 34. Qc2 Nc6 35. Qb3 Ne7 36. Qc2 Bc8 37. Bc1 Qc6 38. Qxc6 Nxc6 39. Bxe3 dxe3 40. Bf1 Kf6 41. d4 Nxd4 42. Nxd4 exd4 43. Bxb5 Ke5 44. Bd3 Bb7 45. b5 Bxe4 46. Bxe4 e2 0-1

[Event "CZE-chT2F 1112"]
[Site "Czech Republic"]
[Date "2011.11.06"]
[Round "2.3"]
[White "Sieber, Martin"]
[Black "Kalivoda, Jiri"]
[Result "0-1"]
[WhiteElo "2022"]
[BlackElo "2152"]
[PlyCount "62"]
[EventDate "2011.10.09"]
[EventType "team-tourn"]
[EventRounds "11"]
[EventCountry "CZE"]
[SourceTitle "EXT 2013"]
[Source "ChessBase"]
[SourceDate "2012.11.22"]
[SourceVersion "1"]
[SourceVersionDate "2012.11.22"]
[SourceQuality "1"]
[WhiteTeam "Havirov II"]
[BlackTeam "Dobra"]
[WhiteTeamCountry "CZE"]
[BlackTeamCountry "CZE"]

1. e4 e6 2. Nf3 d5 3. e5 c5 4. b4 cxb4 5. d4 Nc6 6. a3 Qb6 7. Be2 Nh6 8. axb4 Bxb4+ 9. c3 Be7 10. 0-0 Bd7 11. Na3 a6 12. c4 dxc4 13. Nxc4 Qc7 14. Ba3 Bxa3 15. Rxa3 0-0 16. g4 Ne7 17. Qb1 b5 18. Nd6 Nc8 19. Ng5 g6 20. Nde4 Kg7 21. Nf6 Bc6 22. Rh3 Bb7 23. Qd3 Rh8 24. Rxh6 Kxh6 25. Qh3+ Kg7 26. Ngxh7 Ne7 27. g5 Ng8 28. Rd1 Qc6 29. d5 exd5 30. Rxd5 Rd8 31. Nxg8 Rxh7 0-1

[Event "CZE-chT2F 1112"]
[Site "Czech Republic"]
[Date "2011.10.09"]
[Round "1.3"]
[White "Zidek, Vaclav"]
[Black "Kalivoda, Jiri"]
[Result "1/2-1/2"]
[WhiteElo "2176"]
[BlackElo "2152"]
[PlyCount "150"]
[EventDate "2011.10.09"]
[EventType "team-tourn"]
[EventRounds "11"]
[EventCountry "CZE"]
[SourceTitle "EXT 2013"]
[Source "ChessBase"]
[SourceDate "2012.11.22"]
[SourceVersion "1"]
[SourceVersionDate "2012.11.22"]
[SourceQuality "1"]
[WhiteTeam "Poruba VOKD"]
[BlackTeam "Dobra"]
[WhiteTeamCountry "CZE"]
[BlackTeamCountry "CZE"]

1. d4 e6 2. c4 d5 3. Nc3 Nf6 4. Bg5 Be7 5. cxd5 exd5 6. e3 c6 7. Bd3 Be6 8. Qc2 h6 9. Bf4 Nh5 10. Bg3 Nxg3 11. hxg3 Nd7 12. Nge2 Nf6 13. Nf4 Bd7 14. f3 Bd6 15. e4 dxe4 16. fxe4 Ng4 17. Qe2 Bb4 18. a3 Ba5 19. e5 Qc7 20. 0-0-0 Bxc3 21. bxc3 Qa5 22. Kb2 c5 23. e6 fxe6 24. Qxg4 0-0-0 25. Ng6 e5 26. Qe2 cxd4 27. cxd4 Qb6+ 28. Ka1 Qxd4+ 29. Qb2 Rhe8 30. Qxd4 exd4 31. Rhe1 Bc6 32. Ne7+ Kc7 33. Nxc6 bxc6 34. Kb2 c5 35. Rxe8 Rxe8 36. Rf1 Kd6 37. Kc2 Re3 38. Rf3 Re1 39. Rf1 Re3 40. Rf3 Re5 41. Kd2 Rg5 42. Ke2 Re5+ 43. Kf2 Re7 44. Bc4 Rb7 45. Rb3 Re7 46. a4 Kc6 47. Rf3 Rb7 48. Rb3 Re7 49. Rf3 Kb6 50. Rf7 Rxf7+ 51. Bxf7 Ka5 52. Be8 Kb4 53. Ke1 Kc3 54. Bb5 c4 55. Kd1 d3 56. Bd7 Kd4 57. Be6 c3 58. a5 Ke3 59. Bg4 g6 60. Bf3 Kd4 61. a6 Ke3 62. g4 g5 63. Bc6 Kf4 64. Bb5 Ke3 65. Bc6 Kd4 66. Ba8 Kc5 67. Be4 Kc4 68. Kc1 Kd4 69. Bf3 Ke3 70. Kd1 Kf4 71. Ke1 Ke5 72. Kd1 Kd4 73. Bc6 Ke3 74. Bf3 Kf2 75. Be4 Ke3 1/2-1/2

[Event "CZE-chT2F 1011"]
[Site "Czech Republic"]
[Date "2011.03.27"]
[Round "10.3"]
[White "Kalivoda, Jiri"]
[Black "Podlesny, Pavel"]
[Result "1-0"]
[WhiteElo "2157"]
[BlackElo "2142"]
[PlyCount "73"]
[EventDate "2010.10.17"]
[EventType "team-tourn"]
[EventRounds "11"]
[EventCountry "CZE"]
[SourceTitle "EXT 2012"]
[Source "ChessBase"]
[SourceDate "2011.11.24"]
[SourceVersion "1"]
[SourceVersionDate "2011.11.24"]
[SourceQuality "1"]
[WhiteTeam "Dobra"]
[BlackTeam "Havirov"]
[WhiteTeamCountry "CZE"]
[BlackTeamCountry "CZE"]

1. c4 e5 2. Nc3 d6 3. e4 Nc6 4. d3 f5 5. g3 Nf6 6. Bg2 Be7 7. Nge2 0-0 8. 0-0 Qe8 9. Nd5 Nxd5 10. cxd5 Nb8 11. f4 Na6 12. Be3 exf4 13. gxf4 Bf6 14. Qd2 Bd7 15. Ng3 Qg6 16. Bf3 Rad8 17. Kh1 b6 18. e5 Be7 19. Rg1 Qh6 20. Nh5 g6 21. e6 Bc8 22. Bd4 c5 23. dxc6 Bxe6 24. Qe2 Nc7 25. Bg7 Qxh5 26. Bxh5 Kxg7 27. Bf3 Bf6 28. a4 Rfe8 29. Qf2 Nd5 30. a5 Re7 31. axb6 axb6 32. Rge1 Nxf4 33. Qxb6 Rde8 34. Ra7 Nd5 35. Rxe7+ Rxe7 36. Qd8 Rc7 37. Qxd6 1-0

[Event "CZE-chT2F 1011"]
[Site "Czech Republic"]
[Date "2011.02.06"]
[Round "7.3"]
[White "Hladik, Oto"]
[Black "Kalivoda, Jiri"]
[Result "1-0"]
[WhiteElo "2191"]
[BlackElo "2157"]
[PlyCount "69"]
[EventDate "2010.10.17"]
[EventType "team-tourn"]
[EventRounds "11"]
[EventCountry "CZE"]
[SourceTitle "EXT 2012"]
[Source "ChessBase"]
[SourceDate "2011.11.24"]
[SourceVersion "1"]
[SourceVersionDate "2011.11.24"]
[SourceQuality "1"]
[WhiteTeam "Ostrava Mittal II"]
[BlackTeam "Dobra"]
[WhiteTeamCountry "CZE"]
[BlackTeamCountry "CZE"]

1. e4 e6 2. d4 d5 3. Nd2 dxe4 4. Nxe4 Be7 5. Nf3 Nf6 6. Bd3 0-0 7. Qe2 Nbd7 8. Bg5 h6 9. h4 Nd5 10. Bd2 c5 11. dxc5 Nxc5 12. Nxc5 Bxc5 13. 0-0-0 Qc7 14. g3 Bd7 15. Ne5 Bc6 16. g4 Bd6 17. Nxc6 bxc6 18. Qe4 Nf6 19. Qf3 Nd7 20. Qe4 Nf6 21. Qf3 Rab8 22. g5 Be5 23. b3 Qd6 24. Rde1 Nd5 25. Qe4 f6 26. gxh6 Rf7 27. hxg7 Rxg7 28. Rhg1 f5 29. Rxg7+ Bxg7 30. Qxe6+ Qxe6 31. Rxe6 Rc8 32. Bc4 Kf8 33. h5 Bd4 34. Bh6+ Kf7 35. Rxc6 1-0

[Event "CZE-chT2F 1011"]
[Site "Czech Republic"]
[Date "2011.01.09"]
[Round "5.3"]
[White "Staszko, Martin"]
[Black "Kalivoda, Jiri"]
[Result "0-1"]
[WhiteElo "2040"]
[BlackElo "2157"]
[PlyCount "123"]
[EventDate "2010.10.17"]
[EventType "team-tourn"]
[EventRounds "11"]
[EventCountry "CZE"]
[SourceTitle "EXT 2012"]
[Source "ChessBase"]
[SourceDate "2011.11.24"]
[SourceVersion "1"]
[SourceVersionDate "2011.11.24"]
[SourceQuality "1"]
[WhiteTeam "Trinec III"]
[BlackTeam "Dobra"]
[WhiteTeamCountry "CZE"]
[BlackTeamCountry "CZE"]

1. e4 e6 2. d4 d5 3. Nc3 Bb4 4. e5 c5 5. a3 Bxc3+ 6. bxc3 Ne7 7. Qg4 Nf5 8. Bd3 h5 9. Qh3 Nc6 10. g4 Nfe7 11. Nf3 Qa5 12. Bd2 c4 13. Be2 Bd7 14. 0-0 0-0-0 15. gxh5 Nf5 16. Kh1 Rdf8 17. Rg1 Nce7 18. Qg4 g6 19. h6 Nxh6 20. Qg2 Nhf5 21. Qf1 Ba4 22. Qb1 Nc6 23. Qb2 Rh7 24. Rab1 Qc7 25. Bg5 b5 26. Bf6 Nb8 27. Rg2 Nd7 28. Bg5 Rfh8 29. Qc1 Rh3 30. Bf4 Nf8 31. Qd2 Qe7 32. Ng5 R3h4 33. Nf3 R4h7 34. Qc1 Rh3 35. Bg5 Qc7 36. Bf6 R8h6 37. Bg5 Rh7 38. Qd2 Nd7 39. Ng1 R3h4 40. Bxh4 Nxh4 41. Rg3 f6 42. f4 g5 43. fxg5 fxe5 44. g6 Rg7 45. Qh6 Nf5 46. Qh8+ Kb7 47. Rg5 Nf6 48. dxe5 Ne4 49. Rh5 Rxg6 50. Nh3 Rg7 51. Rg1 Rf7 52. Rg6 Bxc2 53. Nf4 Ng7 54. Nxe6 Nf2+ 55. Kg1 Nxe6 56. Rxe6 Qc5 57. Rf6 Ng4+ 58. Kg2 Be4+ 59. Kh3 Nxf6 60. exf6 Qe3+ 61. Kh4 Qxe2 62. Rg5 0-1